| 000 | 00746nam a2200229 a 4500 | ||
|---|---|---|---|
| 005 | 20210223132456.0 | ||
| 008 | 140929s2010 mx r 000 0 spa d | ||
| 020 | _a9786073101424 | ||
| 035 | _aUPN01000199819 | ||
| 049 | _aCG | ||
| 050 | 4 |
_aHB3722 _bM3.6 |
|
| 100 | 1 |
_aMarichal Salinas, Carlos _936097 |
|
| 245 | 1 | 0 |
_aNueva historia de las grandes crisis financieras : _buna perspectiva global, 1873-2008 / _cCarlos Marichal. |
| 260 |
_aMéxico : _bDebate, _c2010. |
||
| 300 |
_a420 p. : _bgráfs. |
||
| 440 | 0 | _aHistoria/Economía | |
| 590 | _aBibliografía Básica (BGTQ) | ||
| 590 | _a(También localizas un ejemplar en el "Area de Reserva") | ||
| 650 | 4 |
_aCRISIS FINANCIERAS - _xHISTORIA _923426 |
|
| 905 | _aLibro | ||
| 999 |
_c171920 _d171920 |
||